[Event "Moscow Championship (blitz) 2015"]
[Site "Moscow RUS"]
[Date "2015.09.06"]
[Round "14"]
[White "Sychev, Klementy"]
[Black "Morozevich, Alexander"]
[Result "1-0"]
[WhiteElo "2414"]
[BlackElo "2711"]
[PlyCount "61"]
[EventDate "2015.09.06"]
[EventType "blitz"]

1. d4 Nf6 2. c4 g6 3. Nc3 Bg7 4. e4 d6 5. Nf3 O-O 6. Be2 c5 7. O-O Re8 8. Re1
cxd4 9. Nxd4 Nc6 10. Be3 Bd7 11. f3 a6 12. Qd2 Qa5 13. Nb3 Qh5 14. Nd5 Nxd5 15.
cxd5 Nd8 16. Rac1 f5 17. f4 Qh4 18. g3 Qh3 19. Bf1 Qh6 20. Rc7 Bb5 21. exf5
gxf5 22. Bxb5 axb5 23. Nd4 Qg6 24. Nxb5 Rxa2 25. Bd4 Bf8 26. Rc8 e5 27. dxe6
Nxe6 28. Rxe8 Qxe8 29. Qe2 Ra5 30. Nc3 Kf7 31. Qh5+ 1-0

[Event "Moscow Championship (blitz) 2015"]
[Site "Moscow RUS"]
[Date "2015.09.06"]
[Round "15"]
[White "Morozevich, Alexander"]
[Black "Andreikin, Dmitry"]
[Result "1/2-1/2"]
[WhiteElo "2711"]
[BlackElo "2720"]
[PlyCount "83"]
[EventDate "2015.09.06"]
[EventType "blitz"]

1. e4 c5 2. g3 d5 3. exd5 Qxd5 4. Nf3 Bg4 5. Bg2 Qe6+ 6. Kf1 Nc6 7. h3 Bh5 8.
d3 Nf6 9. Na3 Rd8 10. Kg1 Qd7 11. g4 Bg6 12. Nc4 Qc7 13. Qe2 e6 14. Nfe5 Nxe5
15. Qxe5 Qc8 16. Qg3 Be7 17. Bf4 O-O 18. Nd6 Bxd6 19. Bxd6 Rfe8 20. Be5 c4 21.
dxc4 Qxc4 22. Qb3 Qe2 23. Qe3 Qxe3 24. fxe3 Ne4 25. h4 h6 26. Rh2 f6 27. Bd4 b6
28. b3 e5 29. Bb2 Nd2 30. Bc3 Ne4 31. Be1 Rd6 32. a4 Red8 33. Bf3 Nd2 34. Bh1
Ne4 35. Bf3 Nc5 36. a5 Be4 37. Be2 Kh7 38. Rc1 Rc6 39. Rd1 Rcd6 40. Rc1 Rc8 41.
Rd1 Rcd8 42. Ra1 1/2-1/2

[Event "Moscow Championship (blitz) 2015"]
[Site "Moscow RUS"]
[Date "2015.09.06"]
[Round "17"]
[White "Morozevich, Alexander"]
[Black "Najer, Evgeniy"]
[Result "1-0"]
[WhiteElo "2711"]
[BlackElo "2658"]
[PlyCount "66"]
[EventDate "2015.09.06"]
[EventType "blitz"]

1. e4 c5 2. g3 d5 3. exd5 Qxd5 4. Nf3 Bg4 5. Bg2 Qe6+ 6. Kf1 Nc6 7. h3 Bh5 8.
d3 Nf6 9. Na3 Rd8 10. Kg1 Qc8 11. Kh2 e6 12. Re1 Be7 13. Nc4 O-O 14. a4 b6 15.
g4 Qc7+ 16. Kg1 Bg6 17. Nfe5 Nxe5 18. Nxe5 Nd5 19. f4 Bf6 20. Qf3 Nb4 21. Nxg6
Nxc2 22. Nxf8 Nxe1 23. Qe4 Nxd3 24. Nxh7 Bd4+ 25. Kh2 f5 26. gxf5 Nf2 27. Qc2
Kxh7 28. fxe6+ Kg8 29. Bd2 Qe7 30. Rf1 Rf8 31. Be1 Rxf4 32. Bxf2 Qd6 33. Bg3
Rxf1 1-0

[Event "Moscow Championship (blitz) 2015"]
[Site "Moscow RUS"]
[Date "2015.09.06"]
[Round "18"]
[White "Mozharov, Mikhail"]
[Black "Morozevich, Alexander"]
[Result "0-1"]
[WhiteElo "2573"]
[BlackElo "2711"]
[PlyCount "80"]
[EventDate "2015.09.06"]
[EventType "blitz"]

1. e4 e5 2. Nf3 Nc6 3. d4 exd4 4. Nxd4 Nf6 5. Nxc6 bxc6 6. e5 Qe7 7. Qe2 Nd5 8.
Nd2 g6 9. Nf3 Bg7 10. c4 Nb6 11. b3 a5 12. Qe3 a4 13. Rb1 axb3 14. axb3 O-O 15.
Be2 c5 16. O-O Bb7 17. Bb2 Rfe8 18. Rfe1 d5 19. cxd5 Nxd5 20. Qe4 Reb8 21. Qg4
Bc8 22. Qg3 Bf5 23. Ra1 Rxa1 24. Bxa1 Nb4 25. Bc4 Nc2 26. Rc1 h6 27. Bc3 Rd8
28. h3 Nd4 29. Re1 Be6 30. Qf4 Nxb3 31. Bxe6 Qxe6 32. Re4 Rd3 33. Be1 Nd4 34.
Nxd4 cxd4 35. Qc1 Qd5 36. Re2 c5 37. e6 fxe6 38. Qf4 c4 39. Bb4 Rb3 40. Be7 d3
0-1

[Event "Moscow Championship (blitz) 2015"]
[Site "Moscow RUS"]
[Date "2015.09.06"]
[Round "19"]
[White "Morozevich, Alexander"]
[Black "Dubov, Daniil"]
[Result "0-1"]
[WhiteElo "2711"]
[BlackElo "2661"]
[PlyCount "146"]
[EventDate "2015.09.06"]

1. e4 c5 2. g3 g6 3. Bg2 Bg7 4. d3 Nc6 5. f4 e6 6. Nf3 d5 7. O-O Nf6 8. e5 Nd7
9. c4 Nb6 10. Qe2 O-O 11. Nc3 f6 12. exf6 Bxf6 13. Kh1 Bd7 14. Bd2 Nd4 15. Nxd4
cxd4 16. Nd1 dxc4 17. dxc4 Bc6 18. Bxc6 bxc6 19. Nf2 c5 20. Rae1 Qd7 21. b3
Rfe8 22. Nd3 Rac8 23. Qe4 Qc6 24. g4 Qxe4+ 25. Rxe4 Nd7 26. Be1 h5 27. gxh5
gxh5 28. Rf3 Kh7 29. Bf2 Kg6 30. Rxe6 Kf5 31. Rd6 Nb6 32. Rh3 h4 33. Kg2 Be7
34. Rh6 Ke4 35. Re6+ Kf5 36. Re5+ Kg6 37. Kf3 Nd7 38. Re6+ Kf7 39. f5 Bf6 40.
Bxh4 Rxe6 41. fxe6+ Kxe6 42. Bg3 Rf8 43. Rh5 Bg5+ 44. Kg2 Be3 45. Rd5 Re8 46.
Rd6+ Ke7 47. Ra6 Ra8 48. h4 Nf6 49. Nxc5 Nd7 50. Nd3 Rg8 51. Kf3 Rf8+ 52. Ke2
Rg8 53. Bf4 Bxf4 54. Nxf4 Nc5 55. Rxa7+ Kd6 56. b4 Re8+ 57. Kf3 Re3+ 58. Kg4
Ne4 59. Ra6+ Kd7 60. Ra5 Nf2+ 61. Kf5 d3 62. Rd5+ Kc7 63. h5 Rf3 64. Ke5 Re3+
65. Kf5 Rf3 66. h6 Nh3 67. h7 Rxf4+ 68. Kg6 Rh4 69. Kg7 Nf4 70. Rc5+ Kd6 71.
Rc8 Ne6+ 72. Kf6 d2 73. c5+ Kd7 0-1

[Event "Moscow Championship (blitz) 2015"]
[Site "Moscow RUS"]
[Date "2015.09.06"]
[Round "1"]
[White "Najer, Evgeniy"]
[Black "Andreikin, Dmitry"]
[Result "1-0"]
[WhiteElo "2658"]
[BlackElo "2720"]
[PlyCount "83"]
[EventDate "2015.09.06"]
[EventType "blitz"]

1. e4 c5 2. Nf3 e6 3. d4 cxd4 4. Nxd4 Nc6 5. Nc3 a6 6. Bf4 d6 7. Nxc6 bxc6 8.
Qd2 Nf6 9. O-O-O d5 10. g4 Bb4 11. Bg2 Qa5 12. Be5 Nxg4 13. Bxg7 Rg8 14. Qg5
Bxc3 15. bxc3 Nxf2 16. exd5 Qa3+ 17. Kd2 cxd5 18. Rdf1 Nxh1 19. Bxh1 Qf8 20.
Rg1 Rxg7 21. Qxg7 Qxg7 22. Rxg7 Rb8 23. Rxh7 Rb1 24. Rh8+ Kd7 25. Bf3 Bb7 26.
h4 Ke7 27. Rb8 Rb5 28. Be2 Rb1 29. Bxa6 Rh1 30. Rxb7+ Kf6 31. Rb4 e5 32. Bb7
Rh2+ 33. Kd1 Ke6 34. Rb6+ Kf5 35. Bxd5 f6 36. Rb4 Rf2 37. a4 Rf1+ 38. Kd2 Ra1
39. Bc6 Ke6 40. h5 f5 41. Rh4 Kd6 42. h6 1-0

[Event "Moscow Championship (blitz) 2015"]
[Site "Moscow RUS"]
[Date "2015.09.06"]
[Round "2"]
[White "Andreikin, Dmitry"]
[Black "Mozharov, Mikhail"]
[Result "1-0"]
[WhiteElo "2720"]
[BlackElo "2573"]
[PlyCount "46"]
[EventDate "2015.09.06"]
[EventType "blitz"]

1. Nc3 e5 2. Nf3 Nc6 3. d4 exd4 4. Nxd4 Nf6 5. Bg5 Bb4 6. Nxc6 bxc6 7. Qd4 Be7
8. e4 d6 9. O-O-O O-O 10. e5 Ne8 11. h4 Be6 12. Bd3 d5 13. f4 f6 14. exf6 Bxf6
15. Qe3 Qd7 16. Na4 Bg4 17. Nc5 Qf7 18. Rde1 Nd6 19. Qg3 Qh5 20. Ne6 Rf7 21.
Bxf6 Rxf6 22. Re5 Nf5 23. Bxf5 Bxf5 1-0

[Event "Moscow Championship (blitz) 2015"]
[Site "Moscow RUS"]
[Date "2015.09.06"]
[Round "3"]
[White "Dubov, Daniil"]
[Black "Andreikin, Dmitry"]
[Result "0-1"]
[WhiteElo "2661"]
[BlackElo "2720"]
[PlyCount "102"]
[EventDate "2015.09.06"]
[EventType "blitz"]

1. d4 g6 2. e4 Bg7 3. c4 d6 4. Nc3 e5 5. Nf3 Bg4 6. dxe5 dxe5 7. Ng1 Bc8 8. Nf3
Bg4 9. Qxd8+ Kxd8 10. Bg5+ Kc8 11. O-O-O Nc6 12. h3 Bxf3 13. gxf3 Nd4 14. Nb5
Ne6 15. h4 Nf6 16. Bh3 Re8 17. f4 Nxe4 18. h5 a6 19. hxg6 hxg6 20. Bxe6+ fxe6
21. Nxc7 Kxc7 22. Rh7 Rg8 23. Bh6 Kc6 24. Bxg7 Nxf2 25. Rf1 Nd3+ 26. Kc2 e4 27.
Bd4 Raf8 28. Re7 Rxf4 29. Rxf4 Nxf4 30. Be5 g5 31. Rc7+ Kb6 32. b4 Nd3 33. Bd6
Nxb4+ 34. Kc3 Nc6 35. c5+ Ka7 36. Rf7 g4 37. Bg3 Rd8 38. Bd6 Rg8 39. Bg3 Rh8
40. Rg7 Rh1 41. Bc7 Rc1+ 42. Kd2 Rxc5 43. Ke3 Rc3+ 44. Kxe4 Ra3 45. Bd6 Ra4+
46. Ke3 a5 47. a3 Rc4 48. Rg6 e5 49. Kd3 Rd4+ 50. Ke3 a4 51. Bxe5 Nxe5 0-1

[Event "Moscow Championship (blitz) 2015"]
[Site "Moscow RUS"]
[Date "2015.09.06"]
[Round "4"]
[White "Andreikin, Dmitry"]
[Black "Kobalia, Mikhail"]
[Result "1-0"]
[WhiteElo "2720"]
[BlackElo "2632"]
[PlyCount "79"]
[EventDate "2015.09.06"]
[EventType "blitz"]

1. Nc3 Nf6 2. e4 e5 3. Nf3 Nc6 4. Bb5 Bd6 5. O-O O-O 6. d3 Re8 7. Bg5 h6 8. Bh4
Bf8 9. Nd5 Be7 10. Nxe7+ Qxe7 11. Bxc6 bxc6 12. d4 g5 13. dxe5 Nxe4 14. Re1 d5
15. exd6 cxd6 16. Bg3 Bg4 17. Qd4 c5 18. Qa4 Qb7 19. Nd2 Bd7 20. Qa5 Nxg3 21.
hxg3 Bf5 22. Nc4 Qc6 23. Ne3 Be6 24. c4 Qb6 25. Qc3 Kh7 26. Rad1 Qc6 27. Qf6
Qc7 28. b3 Qe7 29. Qxe7 Rxe7 30. Rxd6 a5 31. Nd5 Rb7 32. Nf6+ Kg7 33. Ne4 Rc7
34. f4 gxf4 35. gxf4 a4 36. Ng3 axb3 37. axb3 Ra3 38. f5 Bc8 39. Nh5+ Kh7 40.
Nf6+ 1-0

[Event "Moscow Championship (blitz) 2015"]
[Site "Moscow RUS"]
[Date "2015.09.06"]
[Round "5"]
[White "Zvjaginsev, Vadim"]
[Black "Andreikin, Dmitry"]
[Result "1-0"]
[WhiteElo "2660"]
[BlackElo "2720"]
[PlyCount "45"]
[EventDate "2015.09.06"]
[EventType "blitz"]

1. e4 g6 2. d4 Bg7 3. Nf3 d6 4. Be2 Nf6 5. Nc3 O-O 6. O-O c6 7. Re1 Qc7 8. Bf4
Nh5 9. Bg5 e5 10. dxe5 dxe5 11. Qd2 Nf4 12. Bxf4 exf4 13. e5 Bxe5 14. Nxe5 Qxe5
15. Bg4 Qg7 16. Bxc8 Rxc8 17. Re7 Na6 18. Qxf4 Nc5 19. Rae1 Rd8 20. h3 h6 21.
Qc4 b6 22. Qf4 Ne6 23. R1xe6 1-0

[Event "Moscow Championship (blitz) 2015"]
[Site "Moscow RUS"]
[Date "2015.09.06"]
[Round "6"]
[White "Andreikin, Dmitry"]
[Black "Novikov, Stanislav"]
[Result "1-0"]
[WhiteElo "2720"]
[BlackElo "2536"]
[PlyCount "47"]
[EventDate "2015.09.06"]
[EventType "blitz"]

1. Nc3 g6 2. h4 h6 3. e4 Bg7 4. d4 c6 5. h5 g5 6. f4 gxf4 7. Bxf4 Qb6 8. e5 d6
9. Qd2 dxe5 10. dxe5 Be6 11. O-O-O Nd7 12. Bc4 Nxe5 13. Bxe6 fxe6 14. Bxe5 Bxe5
15. Nf3 Bd6 16. Qe2 O-O-O 17. Qxe6+ Kb8 18. Ne4 Qe3+ 19. Kb1 Nf6 20. Rhe1 Qf4
21. Nxd6 Rxd6 22. Qxe7 Rxd1+ 23. Rxd1 Re8 24. Rd8+ 1-0

[Event "Moscow Championship (blitz) 2015"]
[Site "Moscow RUS"]
[Date "2015.09.06"]
[Round "7"]
[White "Oparin, Grigoriy"]
[Black "Andreikin, Dmitry"]
[Result "0-1"]
[WhiteElo "2569"]
[BlackElo "2720"]
[PlyCount "62"]
[EventDate "2015.09.06"]
[EventType "blitz"]

1. e4 c5 2. Nf3 e6 3. d4 cxd4 4. Nxd4 Nc6 5. Nc3 a6 6. Be2 d6 7. O-O Nf6 8. Be3
Be7 9. f4 O-O 10. a4 e5 11. Nxc6 bxc6 12. a5 Rb8 13. b3 Rb4 14. Bd3 Ng4 15. Bd2
exf4 16. Rxf4 Bg5 17. Rf1 Be3+ 18. Bxe3 Nxe3 19. Qd2 Nxf1 20. Bxf1 Qf6 21. Rd1
Qe5 22. Bc4 Be6 23. Bxa6 Qxa5 24. Bd3 Qe5 25. Kh1 Rbb8 26. Rf1 f5 27. exf5 Bxf5
28. Re1 Bxd3 29. cxd3 Rxb3 30. Ne4 Rb2 31. Qe3 d5 0-1

[Event "Moscow Championship (blitz) 2015"]
[Site "Moscow RUS"]
[Date "2015.09.06"]
[Round "9"]
[White "Onischuk, Alexander"]
[Black "Andreikin, Dmitry"]
[Result "0-1"]
[WhiteElo "2662"]
[BlackElo "2720"]
[PlyCount "116"]
[EventDate "2015.09.06"]

1. d4 g6 2. c4 Bg7 3. Nc3 d6 4. Nf3 Bg4 5. e3 Nf6 6. h3 Bxf3 7. Qxf3 Nc6 8. g3
e5 9. dxe5 dxe5 10. Bg2 Qd3 11. Qe2 O-O-O 12. Qxd3 Rxd3 13. Ke2 Rhd8 14. Nd5
Nxd5 15. cxd5 R3xd5 16. Bxd5 Rxd5 17. Rd1 Rxd1 18. Kxd1 e4 19. a3 Ne5 20. Kc2
Nd3 21. f4 c5 22. Rb1 b5 23. Bd2 b4 24. f5 a5 25. axb4 axb4 26. b3 g5 27. f6
Bf8 28. Rf1 Kd7 29. h4 gxh4 30. gxh4 Ke6 31. h5 Bh6 32. Rg1 Kxf6 33. Rg8 Bg5
34. Rd8 h6 35. Rd7 Ke6 36. Ra7 f5 37. Kd1 Kd5 38. Rd7+ Ke6 39. Ra7 Ne5 40. Ke2
Ng4 41. Rc7 Kd6 42. Rf7 Ke6 43. Rc7 Kd6 44. Rf7 Nf6 45. Rf8 Nxh5 46. Be1 Ke6
47. Rc8 Kd5 48. Rf8 f4 49. exf4 Nxf4+ 50. Kd1 e3 51. Re8 Ne6 52. Kc2 Nd4+ 53.
Kb2 e2 54. Bf2 Bd2 55. Kb1 h5 56. Kb2 Bc3+ 57. Ka2 Ne6 58. Rg8 e1=Q 0-1

[Event "Moscow Championship (blitz) 2015"]
[Site "Moscow RUS"]
[Date "2015.09.06"]
[Round "10"]
[White "Andreikin, Dmitry"]
[Black "Malakhov, Vladimir"]
[Result "0-1"]
[WhiteElo "2720"]
[BlackElo "2694"]
[PlyCount "74"]
[EventDate "2015.09.06"]

1. d4 g6 2. e4 Bg7 3. Nf3 d6 4. Nc3 Nf6 5. Be2 O-O 6. O-O a6 7. a4 Nc6 8. h3 e5
9. d5 Ne7 10. Nd2 Nd7 11. Nc4 f5 12. exf5 gxf5 13. Bg5 h6 14. Bh4 Nf6 15. Bh5
Nxh5 16. Qxh5 Qe8 17. Qxe8 Rxe8 18. Bxe7 Rxe7 19. f4 exf4 20. Rxf4 Bxc3 21.
bxc3 Bd7 22. Na5 b6 23. Nb3 Rae8 24. a5 b5 25. c4 Re4 26. Rxe4 Rxe4 27. c5 Re5
28. Rd1 Be8 29. cxd6 cxd6 30. Nc1 Bf7 31. Nd3 Rxd5 32. Kf2 b4 33. Ke3 Rxa5 34.
Nxb4 Re5+ 35. Kf3 a5 36. Nc6 Rc5 37. Rxd6 Rxc6 0-1

[Event "Moscow Championship (blitz) 2015"]
[Site "Moscow RUS"]
[Date "2015.09.06"]
[Round "11"]
[White "Lagno, Kateryna"]
[Black "Andreikin, Dmitry"]
[Result "1-0"]
[WhiteElo "2523"]
[BlackElo "2720"]
[PlyCount "75"]
[EventDate "2015.09.06"]
[EventType "blitz"]

1. e4 c5 2. Nf3 e6 3. d4 cxd4 4. Nxd4 Nc6 5. Nc3 a6 6. Be2 d6 7. O-O Nf6 8. Be3
Be7 9. f4 O-O 10. a4 e5 11. Nb3 exf4 12. Bxf4 Be6 13. Bd3 Ng4 14. Kh1 Bg5 15.
Qe1 Rc8 16. Rd1 Nge5 17. Nd5 Bxf4 18. Rxf4 Ng6 19. Rf1 Nce5 20. Nd4 Re8 21. Qb4
Bxd5 22. exd5 Qh4 23. Bxg6 hxg6 24. Qxb7 Rc4 25. Nf3 Nxf3 26. Rxf3 Re1+ 27. Rf1
Rxd1 28. Rxd1 Rxc2 29. Qb8+ Kh7 30. Qxd6 Qd4 31. Rg1 Rxb2 32. Qxa6 Qxd5 33. Qc8
g5 34. Qh3+ Kg6 35. Qe3 Ra2 36. Qb6+ f6 37. Qb8 Rxa4 38. Qe8+ 1-0

[Event "Moscow Championship (blitz) 2015"]
[Site "Moscow RUS"]
[Date "2015.09.06"]
[Round "12"]
[White "Andreikin, Dmitry"]
[Black "Riazantsev, Alexander"]
[Result "1-0"]
[WhiteElo "2720"]
[BlackElo "2646"]
[PlyCount "68"]
[EventDate "2015.09.06"]
[EventType "blitz"]

1. Nc3 d5 2. e4 c6 3. d4 dxe4 4. Nxe4 Bf5 5. Ng3 Bg6 6. h4 h6 7. Nf3 Nd7 8. h5
Bh7 9. Bd3 Bxd3 10. Qxd3 e6 11. Bd2 Ngf6 12. O-O-O Bd6 13. Ne4 Nxe4 14. Qxe4
Nf6 15. Qe2 Bc7 16. Kb1 Qd5 17. c4 Qe4+ 18. Qxe4 Nxe4 19. Be3 f5 20. d5 cxd5
21. cxd5 e5 22. Rhe1 O-O 23. Nh4 Bd6 24. Ng6 Rfe8 25. f4 exf4 26. Bxf4 Rad8 27.
Bxd6 Rxd6 28. Nh4 Rf6 29. Rc1 Rd8 30. Ng6 Rf7 31. a4 Kh7 32. Red1 Nf6 33. Nf4
Rfd7 34. Ne6 Re8 1-0

[Event "Moscow Championship (blitz) 2015"]
[Site "Moscow RUS"]
[Date "2015.09.06"]
[Round "14"]
[White "Andreikin, Dmitry"]
[Black "Demidov, Mikhail"]
[Result "1-0"]
[WhiteElo "2720"]
[BlackElo "2497"]
[PlyCount "169"]
[EventDate "2015.09.06"]
[EventType "blitz"]

1. Nc3 d5 2. e4 e6 3. d4 Be7 4. Bd3 c5 5. dxc5 Nf6 6. exd5 exd5 7. Nf3 Nbd7 8.
O-O O-O 9. h3 Nxc5 10. Nd4 Nfe4 11. Nce2 Bf6 12. c3 Nxd3 13. Qxd3 Re8 14. Nf4
Nc5 15. Qd1 Ne6 16. Be3 Nxf4 17. Bxf4 Qb6 18. Nb3 Be6 19. Be3 Qc7 20. Bd4 Be7
21. Qf3 f6 22. Rfe1 Bf7 23. Be3 Bf8 24. Nd4 Qd7 25. Rad1 Qa4 26. a3 Re4 27. Nf5
Rae8 28. Qg3 Kh8 29. Nd6 Bxd6 30. Qxd6 a6 31. Kh2 Kg8 32. Rd2 Qc6 33. Qg3 f5
34. Bd4 Qg6 35. Rxe4 dxe4 36. Qc7 Qc6 37. Qf4 Qe6 38. h4 h6 39. Be3 Qe5 40. Kg3
Qb5 41. b4 Re6 42. Rd8+ Re8 43. Rd6 Re6 44. Rd8+ Kh7 45. c4 Qxc4 46. Rd7 Rg6+
47. Kh2 Be6 48. Rxb7 Qf1 49. g3 Qe2 50. Qe5 Qg4 51. Bd4 f4 52. Qxf4 Qxf4 53.
gxf4 Bf5 54. h5 Rg4 55. Be5 Kg8 56. a4 Rh4+ 57. Kg1 Rxh5 58. Rxg7+ Kf8 59. b5
axb5 60. axb5 e3 61. fxe3 Be4 62. Rc7 Rh1+ 63. Kf2 Rb1 64. Rc5 Kf7 65. Bd4 Kg6
66. Re5 Bb7 67. b6 h5 68. Rg5+ Kh6 69. Rg8 Bd5 70. Rd8 Be4 71. Re8 Bb7 72. f5
Kg5 73. f6 Ba6 74. Re5+ Kg6 75. Ra5 Bc4 76. Ra7 Bd5 77. Rd7 Rb5 78. Kg3 Bc6 79.
Rc7 Bd5 80. Rd7 Bc6 81. Re7 Rg5+ 82. Kf2 Rg2+ 83. Kf1 Rc2 84. Rg7+ Kf5 85. f7
1-0

[Event "Moscow Championship (blitz) 2015"]
[Site "Moscow RUS"]
[Date "2015.09.06"]
[Round "16"]
[White "Andreikin, Dmitry"]
[Black "Savchenko, Boris"]
[Result "1/2-1/2"]
[WhiteElo "2720"]
[BlackElo "2567"]
[PlyCount "108"]
[EventDate "2015.09.06"]
[EventType "blitz"]

1. Nc3 Nf6 2. e4 e5 3. Nf3 Nc6 4. Bb5 Nd4 5. Bc4 Bd6 6. O-O c6 7. d3 b5 8. Bb3
a5 9. a4 Nxb3 10. cxb3 b4 11. Ne2 Bc7 12. d4 d6 13. dxe5 dxe5 14. Qc2 O-O 15.
Ng3 Qe8 16. Bg5 Qe6 17. Rac1 Bb7 18. Nf5 Rfd8 19. h3 Rd7 20. Rfd1 Rad8 21. Rxd7
Rxd7 22. Ne3 Ne8 23. Nc4 f6 24. Be3 Nd6 25. Nfd2 Nc8 26. Bc5 Ba6 27. Kh2 Rd8
28. f3 Qd7 29. Kg3 Kf7 30. Kf2 h5 31. Be3 h4 32. Nf1 Ne7 33. Ke2 Nd5 34. Rd1
Qe6 35. Kf2 Nxe3 36. Nfxe3 g6 37. Rxd8 Bxd8 38. Kg1 Qe7 39. Qf2 Qc5 40. Nc2 Be7
41. Qxc5 Bxc5+ 42. Kf1 Bd4 43. Ke2 Bxc4+ 44. bxc4 Bxb2 45. Ne1 Bd4 46. Nd3 b3
47. Kd1 Ke6 48. Kc1 f5 49. Kb1 fxe4 50. fxe4 g5 51. Kc1 Kf6 52. Kb1 g4 53. Kc1
gxh3 54. gxh3 Ke6 1/2-1/2

[Event "Moscow Championship (blitz) 2015"]
[Site "Moscow RUS"]
[Date "2015.09.06"]
[Round "17"]
[White "Sychev, Klementy"]
[Black "Andreikin, Dmitry"]
[Result "0-1"]
[WhiteElo "2414"]
[BlackElo "2720"]
[PlyCount "80"]
[EventDate "2015.09.06"]
[EventType "blitz"]

1. d4 g6 2. e4 Bg7 3. Nf3 d6 4. Be2 Nf6 5. Nc3 O-O 6. O-O c6 7. a4 Qc7 8. Bf4
Nbd7 9. e5 Nh5 10. exd6 exd6 11. Bg5 d5 12. Qd2 Re8 13. Rfe1 Nf8 14. h3 Nf6 15.
Bd3 Ne6 16. Bh6 Bd7 17. Bxg7 Kxg7 18. Bf1 Re7 19. Re3 Rae8 20. Rae1 Bc8 21. g3
a5 22. Bg2 h5 23. Kh1 Qb6 24. b3 Qb4 25. Qd1 b6 26. Na2 Qd6 27. Nc3 Nd7 28. Qd2
Qb4 29. Qd1 Ba6 30. Na2 Qd6 31. Qd2 Nf6 32. Nc3 Qb4 33. Qd1 Kf8 34. Qc1 Nxd4
35. Rxe7 Rxe7 36. Qh6+ Kg8 37. Rxe7 Qxe7 38. Nxd5 Nxd5 39. Nxd4 Qe1+ 40. Kh2
Qxf2 0-1

[Event "Moscow Championship (blitz) 2015"]
[Site "Moscow RUS"]
[Date "2015.09.06"]
[Round "19"]
[White "Andreikin, Dmitry"]
[Black "Vavulin, Maksim"]
[Result "1-0"]
[WhiteElo "2720"]
[BlackElo "2441"]
[PlyCount "41"]
[EventDate "2015.09.06"]

1. Nc3 g6 2. h4 Nf6 3. e4 d6 4. d4 Bg7 5. Be2 Nbd7 6. h5 e5 7. h6 Bf8 8. Nf3 c6
9. Bc4 Be7 10. a4 Qc7 11. Qe2 O-O 12. Bg5 Qb6 13. dxe5 Qxb2 14. Kd2 Qb4 15.
exf6 Bxf6 16. Bxf6 Nxf6 17. a5 d5 18. Ra4 Qc5 19. exd5 cxd5 20. Qe5 Qc6 21. Nd4
1-0

[Event "Moscow Championship (blitz) 2015"]
[Site "Moscow RUS"]
[Date "2015.09.06"]
[Round "1"]
[White "Dubov, Daniil"]
[Black "Savchenko, Boris"]
[Result "0-1"]
[WhiteElo "2661"]
[BlackElo "2567"]
[PlyCount "88"]
[EventDate "2015.09.06"]
[EventType "blitz"]

1. Nf3 Nf6 2. g3 b5 3. Bg2 Bb7 4. O-O e6 5. d3 Be7 6. e4 O-O 7. c4 bxc4 8. e5
Nd5 9. dxc4 Nb6 10. Qe2 d5 11. exd6 cxd6 12. Nc3 Nc6 13. Rd1 Rc8 14. c5 Nd5 15.
Nxd5 exd5 16. Rxd5 Ne5 17. Rd1 Rxc5 18. Nxe5 Bxg2 19. Nd3 Qa8 20. Nxc5 dxc5 21.
Bf4 Bf6 22. Re1 Bd4 23. Be3 Re8 24. Qg4 Re4 25. Qh5 g6 26. Qh6 Bg7 27. Qg5 Re6
28. Qg4 h5 29. Qh4 Bf6 30. Bg5 Bh1 31. Qh3 Rxe1+ 32. Rxe1 Bxg5 33. Rf1 Qf3 34.
Re1 Kg7 35. Qf1 h4 36. Rd1 Bf6 37. Rd3 Qc6 38. f3 c4 39. Ra3 Bxb2 40. Re3 Bd4
41. Kxh1 Bxe3 42. Qe2 Qc5 43. Qc2 c3 44. Kg2 Bd4 0-1

[Event "Moscow Championship (blitz) 2015"]
[Site "Moscow RUS"]
[Date "2015.09.06"]
[Round "2"]
[White "Savchenko, Boris"]
[Black "Kobalia, Mikhail"]
[Result "1/2-1/2"]
[WhiteElo "2567"]
[BlackElo "2632"]
[PlyCount "98"]
[EventDate "2015.09.06"]
[EventType "blitz"]

1. e4 e5 2. Nf3 Nc6 3. Bb5 a6 4. Ba4 Nf6 5. O-O b5 6. Bb3 Bc5 7. c3 d6 8. d4
Bb6 9. Qd3 O-O 10. Be3 Re8 11. Nbd2 h6 12. a4 Rb8 13. axb5 axb5 14. Qxb5 Bd7
15. Qc4 Qe7 16. dxe5 Nxe5 17. Nxe5 dxe5 18. Bxb6 Rxb6 19. Qxc7 Reb8 20. Ra3 Qe8
21. Qc5 Nxe4 22. Bxf7+ Qxf7 23. Nxe4 Rxb2 24. Qxe5 Bc6 25. c4 Rb1 26. Ra1 Rxf1+
27. Rxf1 Re8 28. Qd6 Bxe4 29. Re1 Qxc4 30. f3 Qc6 31. Rxe4 Qxd6 32. Rxe8+ Kf7
33. Re4 Qd2 34. h4 Kf6 35. Rg4 Kf5 36. Kh2 g6 37. Re4 Qd6+ 38. Kh3 Qc6 39. Rg4
Qc1 40. Kh2 Qc7+ 41. Kh3 Qc2 42. Kh2 Qe2 43. Kh3 Qd2 44. Kh2 Qe1 45. Re4 Qxe4
46. fxe4+ Kxe4 47. Kg3 Ke3 48. Kg4 Kf2 49. Kh3 Ke3 1/2-1/2

[Event "Moscow Championship (blitz) 2015"]
[Site "Moscow RUS"]
[Date "2015.09.06"]
[Round "3"]
[White "Zvjaginsev, Vadim"]
[Black "Savchenko, Boris"]
[Result "0-1"]
[WhiteElo "2660"]
[BlackElo "2567"]
[PlyCount "112"]
[EventDate "2015.09.06"]
[EventType "blitz"]

1. e4 c5 2. c3 Nf6 3. e5 Nd5 4. Nf3 Nc6 5. Bc4 Nb6 6. Bb3 d5 7. exd6 Qxd6 8.
Na3 Bf5 9. d4 e6 10. O-O Rd8 11. Qe2 Bg4 12. Nb5 Qb8 13. h3 Bh5 14. Bg5 Rd7 15.
Rad1 c4 16. Bc2 a6 17. d5 Nxd5 18. Nbd4 Nxd4 19. Rxd4 Be7 20. Bxe7 Kxe7 21.
Rxc4 Rhd8 22. Rh4 Nf4 23. Qe3 Bxf3 24. Rxf4 Bc6 25. Rg4 g6 26. Qg5+ Kf8 27. h4
Rd2 28. Bb3 Kg7 29. Rf4 Qc7 30. h5 Bd5 31. Qf6+ Kf8 32. hxg6 hxg6 33. Rh4 Ke8
34. Bxd5 R8xd5 35. Rh8+ Kd7 36. Qxf7+ Kd6 37. Qf4+ Kc6 38. Qc4+ Kb6 39. Qxc7+
Kxc7 40. Re1 Rxb2 41. Rxe6 Rd1+ 42. Kh2 Rxf2 43. Rh7+ Rd7 44. Rxd7+ Kxd7 45.
Rxg6 Rxa2 46. Kh3 Rc2 47. Rg3 a5 48. Re3 a4 49. g4 a3 50. Kh4 a2 51. Re1 Rxc3
52. g5 Ra3 53. Ra1 Ke7 54. Kh5 Kf8 55. Kh6 Kg8 56. g6 Ra8 0-1

[Event "Moscow Championship (blitz) 2015"]
[Site "Moscow RUS"]
[Date "2015.09.06"]
[Round "4"]
[White "Savchenko, Boris"]
[Black "Novikov, Stanislav"]
[Result "1/2-1/2"]
[WhiteElo "2567"]
[BlackElo "2536"]
[PlyCount "86"]
[EventDate "2015.09.06"]
[EventType "blitz"]

1. e4 c5 2. Nf3 e6 3. c3 Nf6 4. e5 Nd5 5. d4 cxd4 6. cxd4 b6 7. Bc4 Ba6 8. b3
Bb4+ 9. Bd2 d6 10. O-O Bxd2 11. Nbxd2 dxe5 12. dxe5 O-O 13. Ne4 Bxc4 14. bxc4
Nf4 15. Qc2 Nc6 16. c5 Qd3 17. Qxd3 Nxd3 18. cxb6 axb6 19. Rfb1 Ra6 20. Rb5
Rfa8 21. Rd1 Rxa2 22. g3 Ra1 23. Rxa1 Rxa1+ 24. Kg2 h6 25. h4 Ra5 26. Rxb6
Ncxe5 27. Rb7 Nxf3 28. Kxf3 Ra2 29. h5 f5 30. Nd6 Nxf2 31. Rb8+ Kh7 32. Nf7 g6
33. Rb7 gxh5 34. Ng5+ Kg6 35. Nxe6 Ng4 36. Nf4+ Kg5 37. Rg7+ Kf6 38. Nxh5+ Ke5
39. Re7+ Kd6 40. Re2 Nh2+ 41. Kf2 Ng4+ 42. Kf3 Ne5+ 43. Kf2 Rxe2+ 1/2-1/2

[Event "Moscow Championship (blitz) 2015"]
[Site "Moscow RUS"]
[Date "2015.09.06"]
[Round "5"]
[White "Oparin, Grigoriy"]
[Black "Savchenko, Boris"]
[Result "1-0"]
[WhiteElo "2569"]
[BlackElo "2567"]
[PlyCount "91"]
[EventDate "2015.09.06"]
[EventType "blitz"]

1. e4 c5 2. Nf3 Nc6 3. Nc3 g6 4. d4 cxd4 5. Nxd4 Bg7 6. Be3 Nf6 7. Bc4 Na5 8.
Be2 O-O 9. O-O d6 10. f3 a6 11. Qd2 b5 12. a4 e5 13. Nb3 Nc4 14. Bxc4 bxc4 15.
Nc1 Rb8 16. b3 Be6 17. Rd1 cxb3 18. cxb3 Qc8 19. a5 Rd8 20. Bb6 Rd7 21. Nd5
Bxd5 22. exd5 e4 23. Ra4 exf3 24. Rc4 Qf8 25. gxf3 Re7 26. Ne2 Re5 27. Nc3 Rbe8
28. Bd4 Rf5 29. Qd3 Nh5 30. Ne2 Qe7 31. Bxg7 Kxg7 32. Re4 Qg5+ 33. Kh1 Rxe4 34.
Qxe4 Re5 35. Qd4 Qf6 36. Ng1 Nf4 37. b4 Kh6 38. Qf2 Nxd5 39. b5 axb5 40. a6 Qf4
41. a7 Qa4 42. Qd4 Qa6 43. Ra1 Qc8 44. a8=Q Qf5 45. Qf8+ Kh5 46. Qg4+ 1-0